000
00288nam a2200109Ia 4500
008
190906s9999||||xx |||||||||||||| ||und||
100
_a
Urdu Jamia Karachi
245
0
_a
Mukhzan-i-Adab :Urdu Lazmi ka Jadeed Nisaab
260
_a
Karachi
_b
Shaub-e-tasneef
_c
2003
300
_a
358
942
_c
BK
999
_c
6010
_d
6010